| 000 | 00812cam a2200229 4500 | ||
|---|---|---|---|
| 001 | WB3601-22 | ||
| 008 | 000000n2000 000 0 eng u | ||
| 035 | _a(Sirsi) u103390 | ||
| 245 | _aPrices still looking up | ||
| 260 | _c2000 | ||
| 490 |
_aSunday Business _v2 January 2000, 34(1) |
||
| 520 | _aReviews various analysts' forecasts for the residential market in 2000. All predict that house prices will keep rising, however there are disagreements on where development money will be spent. Chart of house price growth. | ||
| 590 | _aWB | ||
| 650 | _aRESIDENTIAL MARKET | ||
| 650 | _aHOUSING MARKET | ||
| 650 | _aDEVELOPMENT MARKET | ||
| 650 | _aHOUSE PRICES | ||
| 650 | _aPREDICTIONS | ||
| 650 | _aFORECASTS | ||
| 690 | _aPROPERTY-RESIDENTIAL PROPERTY-RESIDENTIAL PROPERTY MARKET | ||
| 942 | _n0 | ||
| 999 |
_c62134 _d62134 |
||